[Event "World Senior Team ch 1st"]
[Site "Port Erin IOM"]
[Date "2004.10.11"]
[Round "7.3"]
[White "Robertson, Alan B"]
[Black "Edwards, Raymond B"]
[Result "0-1"]
[WhiteElo "1464"]
[BlackElo "2119"]
[PlyCount "80"]
[EventDate "2004.10.05"]
[EventType "team-swiss"]
[EventRounds "8"]
[EventCountry "ENG"]
[SourceDate "2014.04.29"]
[WhiteTeam "Chessmann"]
[BlackTeam "England II"]
[WhiteTeamCountry "IOM"]
[BlackTeamCountry "ENG"]

1. Nf3 d5 2. g3 Nf6 3. Bg2 e6 4. d3 c5 5. Nbd2 Nc6 6. O-O Be7 7. e4 Qc7 8. Re1
dxe4 9. Nxe4 O-O 10. Qe2 Bd7 11. Bf4 Qb6 12. c3 Nd5 13. Bd6 Bxd6 14. Nxd6 Nd4
15. Nxd4 Qxd6 16. Nf3 Rad8 17. c4 Nb4 18. Red1 Nc6 19. Rac1 e5 20. Ng5 h6 21.
Ne4 Nd4 22. Qe1 Qe7 23. Qf1 Bc6 24. Re1 f5 25. Nc3 Qd6 26. f4 exf4 27. gxf4
Bxg2 28. Qxg2 Qxf4 29. Kh1 Qf3 30. Qxf3 Nxf3 31. Re3 Nd4 32. Kg2 Rde8 33. Nd5
Rxe3 34. Nxe3 Re8 35. Kf2 f4 36. Nc2 Re2+ 37. Kf1 Rxc2 38. Rxc2 Nxc2 39. Kf2
Nd4 40. b3 Kf7 0-1

[Event "World Senior Team ch 1st"]
[Site "Port Erin IOM"]
[Date "2004.10.11"]
[Round "7.4"]
[White "David, Vidya"]
[Black "Wheeler, John"]
[Result "0-1"]
[WhiteElo "800"]
[BlackElo "2209"]
[PlyCount "46"]
[EventDate "2004.10.05"]
[EventType "team-swiss"]
[EventRounds "8"]
[EventCountry "ENG"]
[SourceDate "2014.04.29"]
[WhiteTeam "Black and White Magazine"]
[BlackTeam "England"]
[WhiteTeamCountry "IND"]
[BlackTeamCountry "ENG"]

1. e4 e5 2. d3 Nc6 3. Nf3 Nf6 4. Nc3 d5 5. h4 Bb4 6. Bg5 d4 7. Be2 dxc3 8. Rb1
cxb2+ 9. Kf1 Bc3 10. Kg1 Be6 11. a4 Qd6 12. Bxf6 gxf6 13. h5 O-O-O 14. g3 Nd4
15. Kg2 Qb4 16. Ra1 bxa1=Q 17. Qxa1 Bxa1 18. Rxa1 Nxe2 19. Rc1 Nxc1 20. c4 Rxd3
21. Nh4 Qe1 22. c5 Rd1 23. Nf3 Qh1# 0-1

[Event "World Senior Team ch 1st"]
[Site "Port Erin IOM"]
[Date "2004.10.11"]
[Round "7.4"]
[White "Heppinstall, Roy"]
[Black "Malich, Burkhard"]
[Result "0-1"]
[WhiteElo "1832"]
[BlackElo "2360"]
[PlyCount "102"]
[EventDate "2004.10.05"]
[EventType "team-swiss"]
[EventRounds "8"]
[EventCountry "ENG"]
[SourceDate "2014.04.29"]
[WhiteTeam "Essex"]
[BlackTeam "Germany"]
[WhiteTeamCountry "ENG"]
[BlackTeamCountry "GER"]

1. d4 d5 2. Nf3 Nf6 3. c4 c6 4. Nc3 a6 5. cxd5 cxd5 6. Bf4 Nc6 7. a3 e6 8. e3
Bd6 9. Bxd6 Qxd6 10. Be2 O-O 11. O-O b5 12. b4 Nd7 13. Rc1 f5 14. Qb3 Nb6 15.
Rfd1 Bd7 16. Rd2 Nc4 17. Bxc4 bxc4 18. Qd1 Rfb8 19. Rb1 Be8 20. Ne1 Na7 21. Qc1
Rb7 22. Rdb2 Nb5 23. Nxb5 Bxb5 24. Qc3 Ba4 25. Nc2 Rab8 26. f3 h6 27. e4 fxe4
28. fxe4 dxe4 29. Ne3 Rd8 30. Rd2 Rc7 31. Rf1 Bb3 32. Ng4 a5 33. bxa5 h5 34.
Ne3 Qxa3 35. Rdf2 Qd6 36. a6 Qxa6 37. d5 Qd6 38. dxe6 Qxe6 39. Qa5 Qd6 40. Qxh5
c3 41. Nf5 Qb6 42. Qg5 Re8 43. Qh5 Bf7 44. Qg5 Bg6 45. Ne3 Rc5 46. Nd5 Rxd5 47.
Qxd5+ Kh7 48. Kh1 e3 49. Rf4 Qe6 50. Qxe6 Rxe6 51. Re1 c2 {(Time)} 0-1

[Event "World Senior Team ch 1st"]
[Site "Port Erin IOM"]
[Date "2004.10.11"]
[Round "7.4"]
[White "Illi, Hans-Joerg"]
[Black "Goldstein, Anthony"]
[Result "1-0"]
[WhiteElo "2173"]
[BlackElo "1500"]
[PlyCount "85"]
[EventDate "2004.10.05"]
[EventType "team-swiss"]
[EventRounds "8"]
[EventCountry "ENG"]
[SourceDate "2014.04.29"]
[WhiteTeam "Switzerland"]
[BlackTeam "South Africa"]
[WhiteTeamCountry "SUI"]
[BlackTeamCountry "RSA"]

1. e4 e5 2. f4 exf4 3. Nf3 Ne7 4. d4 d5 5. e5 Bf5 6. Bxf4 Nbc6 7. Nc3 Ng6 8.
Bg3 Bb4 9. Bb5 O-O 10. Qd2 Nce7 11. a3 Ba5 12. O-O f6 13. Rae1 c6 14. Bd3 Bc7
15. exf6 Rxf6 16. Ne5 Nxe5 17. Bxe5 Rf8 18. Bxg7 Kxg7 19. Qg5+ Ng6 20. Rxf5 Bf4
21. Qxd8 Raxd8 22. g3 Bd6 23. Rxf8 Rxf8 24. Re6 Rf6 25. Rxf6 Kxf6 26. Kf2 Kg5
27. Kf3 Bc7 28. Ne2 Bd6 29. a4 a5 30. b3 h6 31. c4 dxc4 32. Bxg6 Kxg6 {(=)} 33.
bxc4 b6 34. Nf4+ Kf5 35. Nd3 b5 36. c5 Bf8 37. Ne5 bxa4 38. Nxc6 a3 39. Nxa5
Be7 40. g4+ Ke6 41. Ke4 Bd8 42. Nb3 Ba5 43. Nxa5 1-0

[Event "World Senior Team ch 1st"]
[Site "Port Erin IOM"]
[Date "2004.10.11"]
[Round "7.4"]
[White "Smith, David"]
[Black "Profaizer, Gino"]
[Result "1/2-1/2"]
[WhiteElo "1728"]
[BlackElo "1990"]
[PlyCount "108"]
[EventDate "2004.10.05"]
[EventType "team-swiss"]
[EventRounds "8"]
[EventCountry "ENG"]
[SourceDate "2014.04.29"]
[WhiteTeam "Britain 3"]
[BlackTeam "Italy"]
[WhiteTeamCountry "GBR"]
[BlackTeamCountry "ITA"]

1. e4 c6 2. d4 d5 3. exd5 cxd5 4. c4 Nf6 5. Nc3 e6 6. Nf3 Be7 7. Bg5 O-O 8. Bd3
dxc4 9. Bxc4 Qb6 10. O-O Qxb2 11. Qd3 Qb6 12. Ne4 Nbd7 13. Bb3 Re8 14. Rab1 Qd8
15. Bc2 Nf8 16. Ba4 Bd7 17. Bxd7 Qxd7 18. Ne5 Qa4 19. Rxb7 Nd5 20. Bxe7 Rxe7
21. Rxe7 Nxe7 22. Nc3 Qe8 23. Rb1 f6 24. Nf3 Qc6 25. h3 Rd8 26. Ne2 Nd5 27. Qb5
Qxb5 28. Rxb5 Rc8 29. Ra5 Rc7 30. Kf1 Nd7 31. Ke1 Kf7 32. Kd2 Ke7 33. Ne1 N7b6
34. Rc5 Rxc5 35. dxc5 Na4 36. Nd3 Kd7 37. Kc2 e5 38. Kb3 e4 39. Nb4 Nxc5+ 40.
Kc4 Nxb4 41. Kxc5 Nd3+ 42. Kd4 f5 43. f3 exf3 44. gxf3 Nf2 45. h4 Kd6 46. Nc3
a6 47. Ke3 Nh3 48. f4 Kc5 49. Kf3 Ng1+ 50. Kf2 Kc4 51. Nd1 Nh3+ 52. Kg3 Ng1 53.
Kf2 Nh3+ 54. Kg3 Ng1 1/2-1/2

[Event "World Senior Team ch 1st"]
[Site "Port Erin IOM"]
[Date "2004.10.11"]
[Round "7.4"]
[White "Stepak, Yedael"]
[Black "Benson, Lachlan"]
[Result "1-0"]
[WhiteElo "2302"]
[BlackElo "1955"]
[PlyCount "51"]
[EventDate "2004.10.05"]
[EventType "team-swiss"]
[EventRounds "8"]
[EventCountry "ENG"]
[SourceDate "2014.04.29"]
[WhiteTeam "Israel"]
[BlackTeam "Australia"]
[WhiteTeamCountry "ISR"]
[BlackTeamCountry "AUS"]

1. d4 d5 2. c4 Nf6 3. cxd5 Qxd5 4. Nc3 Qd8 5. Nf3 g6 6. e4 Bg7 7. Bc4 c6 8. e5
Nd5 9. Qb3 e6 10. Ne4 O-O 11. O-O Qc7 12. Bd2 Nd7 13. Rac1 Qb6 14. Qc2 f6 15.
exf6 N7xf6 16. Nc5 Nh5 17. Rce1 Rxf3 18. gxf3 Bxd4 19. Nxe6 Bxe6 20. Rxe6 Qxb2
21. Qxb2 Bxb2 22. Rb1 Bd4 23. Rxb7 Kh8 24. Rxc6 Ndf4 25. Bxf4 Nxf4 26. Rcc7 1-0

[Event "World Senior Team ch 1st"]
[Site "Port Erin IOM"]
[Date "2004.10.11"]
[Round "7.4"]
[White "Williams, Chris"]
[Black "Hooper, Dennis"]
[Result "1-0"]
[WhiteElo "1968"]
[BlackElo "1184"]
[PlyCount "59"]
[EventDate "2004.10.05"]
[EventType "team-swiss"]
[EventRounds "8"]
[EventCountry "ENG"]
[SourceDate "2014.04.29"]
[WhiteTeam "England II"]
[BlackTeam "Chessmann"]
[WhiteTeamCountry "ENG"]
[BlackTeamCountry "IOM"]

1. d4 Nf6 2. c4 g6 3. Nc3 Bg7 4. e4 d6 5. Be2 e6 6. Be3 Nc6 7. Nf3 O-O 8. h3
Re8 9. O-O Bd7 10. Qd2 Qc8 11. e5 dxe5 12. Nxe5 Ne7 13. g4 Kf8 14. Bh6 Neg8 15.
Bxg7+ Kxg7 16. Qf4 Re7 17. g5 Ne8 18. Ne4 Nd6 19. Nf6 Nf5 20. Nexd7 Rxd7 21.
Nxd7 Qxd7 22. Rad1 Rd8 23. d5 exd5 24. Rxd5 Nd6 25. c5 Qc6 26. Qd4+ Kf8 27.
cxd6 cxd6 28. Bb5 Qc7 29. Rd1 Qe7 30. f4 1-0

[Event "World Senior Team ch 1st"]
[Site "Port Erin IOM"]
[Date "2004.10.12"]
[Round "8.1"]
[White "Gill, Neville"]
[Black "Littlewood, John E"]
[Result "0-1"]
[WhiteElo "2046"]
[BlackElo "2308"]
[PlyCount "40"]
[EventDate "2004.10.05"]
[EventType "team-swiss"]
[EventRounds "8"]
[EventCountry "ENG"]
[SourceDate "2014.04.29"]
[WhiteTeam "Chessmann"]
[BlackTeam "England"]
[WhiteTeamCountry "IOM"]
[BlackTeamCountry "ENG"]

1. d4 Nf6 2. Nf3 g6 3. c4 Bg7 4. Nc3 d5 5. Bg5 Ne4 6. cxd5 Nxg5 7. Nxg5 e6 8.
Nf3 exd5 9. b4 O-O 10. e3 a5 11. b5 c5 12. Be2 Be6 13. O-O Nd7 14. Rc1 c4 15.
e4 dxe4 16. Nxe4 Nb6 17. Qd2 Qe7 18. Rfd1 Rfd8 19. Qf4 Nd5 20. Qg3 Bf5 0-1

[Event "World Senior Team ch 1st"]
[Site "Port Erin IOM"]
[Date "2004.10.12"]
[Round "8.1"]
[White "Howson, Jim"]
[Black "Rosino, Antonio"]
[Result "0-1"]
[WhiteElo "2000"]
[BlackElo "2277"]
[PlyCount "98"]
[EventDate "2004.10.05"]
[EventType "team-swiss"]
[EventRounds "8"]
[EventCountry "ENG"]
[SourceDate "2014.04.29"]
[WhiteTeam "Essex"]
[BlackTeam "Italy"]
[WhiteTeamCountry "ENG"]
[BlackTeamCountry "ITA"]

1. e4 e5 2. Nf3 Nc6 3. Nc3 Nf6 4. d4 exd4 5. Nxd4 Bb4 6. Nxc6 bxc6 7. Bd3 d5 8.
exd5 cxd5 9. Qe2+ Be7 10. Bb5+ Bd7 11. Bxd7+ Qxd7 12. O-O O-O 13. Rd1 c6 14.
Bg5 Rfe8 15. Qd3 Qg4 16. Qg3 Qf5 17. Bxf6 Bxf6 18. Qd3 Qh5 19. Re1 Be5 20. g3
Re6 21. f4 Bc7 22. Rxe6 fxe6 23. Qe2 Qxe2 24. Nxe2 e5 25. fxe5 Bxe5 26. Rb1 Kf7
27. b3 Ke6 28. Rf1 c5 29. Nf4+ Kd6 30. Ne2 a5 31. Kf2 Kc6 32. Ke3 Re8 33. Kd2
Bf6 34. Rf5 Re4 35. Nf4 Rd4+ 36. Ke1 a4 37. Ne2 Re4 38. Kd1 axb3 39. axb3 Re7
40. g4 h6 41. Nf4 Re4 42. Nh5 Bc3 43. Rf1 Rxg4 44. Ng3 Rd4+ 45. Kc1 Rh4 46. Rf2
Be5 47. Rf5 Kd6 48. Rf2 Rg4 49. Nf1 Rf4 0-1

[Event "World Senior Team ch 1st"]
[Site "Port Erin IOM"]
[Date "2004.10.12"]
[Round "8.1"]
[White "Murey, Jacob"]
[Black "Heyns, Anthon"]
[Result "1-0"]
[WhiteElo "2450"]
[BlackElo "2010"]
[PlyCount "47"]
[EventDate "2004.10.05"]
[EventType "team-swiss"]
[EventRounds "8"]
[EventCountry "ENG"]
[SourceDate "2014.04.29"]
[WhiteTeam "Israel"]
[BlackTeam "South Africa"]
[WhiteTeamCountry "ISR"]
[BlackTeamCountry "RSA"]

1. e4 e6 2. d4 d5 3. Nc3 Bb4 4. e5 c5 5. Qg4 Ne7 6. Nf3 Ng6 7. a3 Ba5 8. h4
cxd4 9. h5 dxc3 10. b4 Ne7 11. bxa5 Nf5 12. Bd3 g6 13. hxg6 fxg6 14. Qxg6+ hxg6
15. Rxh8+ Kd7 16. Rxd8+ Kxd8 17. Bg5+ Ke8 18. g4 Ne7 19. Ke2 b6 20. Rh1 Nbc6
21. Rh8+ Kf7 22. Bf6 Ng8 23. Ng5+ Kf8 24. Bxg6 1-0

[Event "World Senior Team ch 1st"]
[Site "Port Erin IOM"]
[Date "2004.10.12"]
[Round "8.1"]
[White "Reuben, Stewart"]
[Black "Zaric, Srboljub"]
[Result "1/2-1/2"]
[WhiteElo "2150"]
[BlackElo "2230"]
[PlyCount "133"]
[EventDate "2004.10.05"]
[EventType "team-swiss"]
[EventRounds "8"]
[EventCountry "ENG"]
[SourceDate "2014.04.29"]
[WhiteTeam "Black and White Magazine"]
[BlackTeam "Australia"]
[WhiteTeamCountry "IND"]
[BlackTeamCountry "AUS"]

1. c4 e6 2. b3 d5 3. Bb2 Nf6 4. Nf3 dxc4 5. bxc4 c5 6. g3 b6 7. Bg2 Bb7 8. O-O
Be7 9. Nc3 O-O 10. d3 Nbd7 11. a4 Ne8 12. a5 Bf6 13. axb6 axb6 14. Qb3 Nd6 15.
Rxa8 Qxa8 16. Nb5 Nxb5 17. Bxf6 gxf6 18. Qxb5 Bc6 19. Qb2 Qb7 20. Ra1 Rb8 21.
Rb1 {(=)} Kg7 22. g4 Qc7 23. Qd2 Bxf3 24. Bxf3 Qe5 25. Bc6 Nf8 26. Qe3 Ng6 27.
Qxe5 Nxe5 28. Bf3 Nxf3+ 29. exf3 e5 30. Kg2 f5 31. Kg3 f4+ 32. Kg2 Kg6 33. h4
f6 34. Kf1 h5 35. Ke2 Kg7 36. Kd2 Kf7 37. Kc3 Ke7 38. Rg1 Rg8 39. Rg2 Kf7 40.
Rg1 Ra8 41. Rb1 Ra2 42. Rb2 Ra6 43. Rb1 Kg6 44. Kb2 Ra8 45. Rg1 Kf7 46. Ra1 Rh8
47. Rh1 Kg6 48. Kb3 hxg4 49. fxg4 f5 50. gxf5+ Kxf5 51. f3 Rd8 52. Kc3 Kg6 53.
Rg1+ Kh5 54. Rg4 Rd6 55. Kd2 b5 56. cxb5 c4 57. Rg5+ Kxh4 58. Rxe5 Kg3 59. b6
Kxf3 60. Rb5 Rxd3+ 61. Kc2 Rd8 62. Kc3 Ke4 63. Kxc4 f3 64. Rb1 f2 65. Kc5 Rg8
66. b7 Ke3 67. Kc6 1/2-1/2

[Event "World Senior Team ch 1st"]
[Site "Port Erin IOM"]
[Date "2004.10.12"]
[Round "8.1"]
[White "Wade, Robert G"]
[Black "Vucenovic, Dragomir"]
[Result "1/2-1/2"]
[WhiteElo "2174"]
[BlackElo "2302"]
[PlyCount "24"]
[EventDate "2004.10.05"]
[EventType "team-swiss"]
[EventRounds "8"]
[EventCountry "ENG"]
[SourceDate "2014.04.29"]
[WhiteTeam "England II"]
[BlackTeam "Switzerland"]
[WhiteTeamCountry "ENG"]
[BlackTeamCountry "SUI"]

1. d4 Nf6 2. Nc3 d5 3. Bg5 c6 4. Nf3 Nbd7 5. e3 e6 6. Bd3 Bb4 7. O-O c5 8. dxc5
Bxc3 9. bxc3 Qa5 10. c4 dxc4 11. Bxc4 Qxc5 12. Qd4 Qxd4 1/2-1/2

[Event "World Senior Team ch 1st"]
[Site "Port Erin IOM"]
[Date "2004.10.12"]
[Round "8.1"]
[White "Wilson, Peter"]
[Black "Uhlmann, Wolfgang"]
[Result "0-1"]
[WhiteElo "2169"]
[BlackElo "2406"]
[PlyCount "78"]
[EventDate "2004.10.05"]
[EventType "team-swiss"]
[EventRounds "8"]
[EventCountry "ENG"]
[SourceDate "2014.04.29"]
[WhiteTeam "Britain 3"]
[BlackTeam "Germany"]
[WhiteTeamCountry "GBR"]
[BlackTeamCountry "GER"]

1. f4 d5 2. e3 Nf6 3. d4 Bg4 4. Nf3 e6 5. Be2 c5 6. c3 Bxf3 7. Bxf3 Nc6 8. O-O
Be7 9. Qc2 Rc8 10. Qf2 O-O 11. Nd2 b5 12. dxc5 Bxc5 13. Nb3 Bd6 14. Nd4 Qb6 15.
Bd2 b4 16. cxb4 Nxd4 17. exd4 Rc2 18. Qe3 Bxb4 19. Bc3 Bxc3 20. bxc3 Rc8 21.
Rfc1 R8xc3 22. Rxc2 Rxc2 23. Qe5 Nd7 24. Qe3 Qb2 25. Rd1 Qc3 26. Rd3 Rc1+ 27.
Kf2 Qc2+ 28. Kg3 Qc7 29. Kh3 Nf6 30. Rb3 g6 31. g4 Rc2 32. g5 Nd7 33. Kg3 Nb6
34. a4 Nc4 35. Qd3 Nd2 36. Ra3 Qc4 37. Be2 Ne4+ 38. Kf3 Qc7 39. Kg4 Nf2+ 0-1

[Event "World Senior Team ch 1st"]
[Site "Port Erin IOM"]
[Date "2004.10.12"]
[Round "8.2"]
[White "Hecht, Hans-Joachim"]
[Black "Flockhart, Hugh"]
[Result "1-0"]
[WhiteElo "2389"]
[BlackElo "1926"]
[PlyCount "63"]
[EventDate "2004.10.05"]
[EventType "team-swiss"]
[EventRounds "8"]
[EventCountry "ENG"]
[SourceDate "2014.04.29"]
[WhiteTeam "Germany"]
[BlackTeam "Britain 3"]
[WhiteTeamCountry "GER"]
[BlackTeamCountry "GBR"]

1. d4 Nf6 2. c4 c5 3. d5 b5 4. cxb5 a6 5. bxa6 g6 6. Nc3 Bxa6 7. Nf3 Bg7 8. e4
Bxf1 9. Kxf1 d6 10. g3 Nbd7 11. Kg2 O-O 12. h3 Ne8 13. Re1 Qb6 14. Re2 Nc7 15.
Bf4 Nb5 16. Rc1 Nd4 17. Nxd4 cxd4 18. Na4 Qb5 19. b3 f5 20. exf5 Qxd5+ 21. Kh2
Qf3 22. Rxe7 Qxd1 23. Rxd1 Ne5 24. fxg6 Nxg6 25. Re4 Be5 26. Bxe5 dxe5 27. Kg2
Rfc8 28. Nb6 Rab8 29. Nxc8 Rxc8 30. Rd2 Kf7 31. f4 exf4 32. Rexd4 1-0

[Event "World Senior Team ch 1st"]
[Site "Port Erin IOM"]
[Date "2004.10.12"]
[Round "8.2"]
[White "James, Geoffrey H"]
[Black "Nicolson, Jim"]
[Result "1-0"]
[WhiteElo "2224"]
[BlackElo "1648"]
[PlyCount "43"]
[EventDate "2004.10.05"]
[EventType "team-swiss"]
[EventRounds "8"]
[EventCountry "ENG"]
[SourceDate "2014.04.29"]
[WhiteTeam "England"]
[BlackTeam "Chessmann"]
[WhiteTeamCountry "ENG"]
[BlackTeamCountry "IOM"]

1. e4 c5 2. Nf3 Nf6 3. e5 Nd5 4. d4 cxd4 5. Qxd4 e6 6. c4 Nc6 7. Qd1 Bb4+ 8.
Bd2 Bxd2+ 9. Qxd2 Nde7 10. Nc3 O-O 11. Bd3 Ng6 12. Bxg6 fxg6 13. Qd6 Rf5 14.
O-O-O Nxe5 15. Qxe6+ dxe6 16. Rxd8+ Kf7 17. Nxe5+ Rxe5 18. Rhd1 Rc5 19. b3 a6
20. Ne4 Rc7 21. Nd6+ Ke7 22. Rg8 1-0

[Event "World Senior Team ch 1st"]
[Site "Port Erin IOM"]
[Date "2004.10.12"]
[Round "8.2"]
[White "Price, Eddie"]
[Black "Tseitlin, Mark"]
[Result "0-1"]
[WhiteElo "1880"]
[BlackElo "2406"]
[PlyCount "28"]
[EventDate "2004.10.05"]
[EventType "team-swiss"]
[EventRounds "8"]
[EventCountry "ENG"]
[SourceDate "2014.04.29"]
[WhiteTeam "South Africa"]
[BlackTeam "Israel"]
[WhiteTeamCountry "RSA"]
[BlackTeamCountry "ISR"]

1. g3 e5 2. Bg2 Nc6 3. d3 d5 4. Nc3 Be6 5. e3 Nf6 6. Nge2 Qd7 7. d4 Bd6 8. dxe5
Bxe5 9. Nf4 Bxf4 10. exf4 O-O-O 11. Nb5 Bg4 12. Bf3 Rhe8+ 13. Kf1 Bxf3 14. Qxf3
Qh3+ 0-1

[Event "World Senior Team ch 1st"]
[Site "Port Erin IOM"]
[Date "2004.10.12"]
[Round "8.2"]
[White "Viner, Phillip"]
[Black "Sotter, Gerlinde"]
[Result "1-0"]
[WhiteElo "2151"]
[BlackElo "1600"]
[PlyCount "71"]
[EventDate "2004.10.05"]
[EventType "team-swiss"]
[EventRounds "8"]
[EventCountry "ENG"]
[SourceDate "2014.04.29"]
[WhiteTeam "Australia"]
[BlackTeam "Black and White Magazine"]
[WhiteTeamCountry "AUS"]
[BlackTeamCountry "IND"]

1. c4 Nf6 2. Nf3 c6 3. Nc3 d5 4. d4 e6 5. e3 Be7 6. Qc2 O-O 7. Be2 Na6 8. O-O
Nc7 9. b3 b6 10. Bb2 Bb7 11. Rad1 Rc8 12. e4 dxe4 13. Ng5 Nce8 14. Ngxe4 Qc7
15. Rfe1 Nxe4 16. Nxe4 Nf6 17. Bd3 g6 18. Re3 Nxe4 19. Bxe4 Bf6 20. d5 Bxb2 21.
d6 Qd8 22. Qxb2 Qg5 23. Bf3 Rfd8 24. g3 Rd7 25. h4 Qh6 26. Qa3 Ra8 27. c5 Qg7
28. b4 b5 29. Qa5 Qf8 30. a4 a6 31. Ra3 Kg7 32. Rda1 f5 33. axb5 axb5 34. Qxa8
Bxa8 35. Rxa8 Rd8 36. Bxc6 1-0

[Event "World Senior Team ch 1st"]
[Site "Port Erin IOM"]
[Date "2004.10.12"]
[Round "8.3"]
[White "Kraidman, Yair"]
[Black "Fereday, Andrew"]
[Result "1-0"]
[WhiteElo "2307"]
[BlackElo "1693"]
[PlyCount "85"]
[EventDate "2004.10.05"]
[EventType "team-swiss"]
[EventRounds "8"]
[EventCountry "ENG"]
[SourceDate "2014.04.29"]
[WhiteTeam "Israel"]
[BlackTeam "South Africa"]
[WhiteTeamCountry "ISR"]
[BlackTeamCountry "RSA"]

1. d4 Nf6 2. c4 g6 3. Nc3 d5 4. Nf3 Bg7 5. Bf4 c6 6. e3 O-O 7. Be2 Bf5 8. O-O
Na6 9. Rc1 Qb6 10. Qd2 Rac8 11. c5 Qd8 12. Bxa6 bxa6 13. h3 Ne4 14. Qe2 Qa5 15.
a3 Nxc3 16. Rxc3 Qb5 17. Qd2 f6 18. Ra1 Rfe8 19. a4 Qb7 20. Raa3 e5 21. Rcb3
Qd7 22. Bg3 Rb8 23. Rxb8 Rxb8 24. dxe5 fxe5 25. Bxe5 Bxe5 26. Nxe5 Qc7 27. Nf3
Qb7 28. b3 Qb4 29. Qxb4 Rxb4 30. Nd4 Bd7 31. a5 Kf7 32. Kf1 Kf6 33. Ke2 Ke5 34.
Kd3 h5 35. h4 Rb5 36. Nxb5 axb5 37. Ra1 Bf5+ 38. Kc3 Be4 39. f3 Bf5 40. Rd1 Be6
41. Rd4 Bf7 42. Rf4 Ke6 43. Kd4 1-0

[Event "World Senior Team ch 1st"]
[Site "Port Erin IOM"]
[Date "2004.10.12"]
[Round "8.3"]
[White "Mehra, Suman"]
[Black "Krstic, Slobodan AUS"]
[Result "0-1"]
[WhiteElo "1000"]
[BlackElo "2049"]
[PlyCount "76"]
[EventDate "2004.10.05"]
[EventType "team-swiss"]
[EventRounds "8"]
[EventCountry "ENG"]
[SourceDate "2014.04.29"]
[WhiteTeam "Black and White Magazine"]
[BlackTeam "Australia"]
[WhiteTeamCountry "IND"]
[BlackTeamCountry "AUS"]

1. e4 e5 2. Nf3 Nc6 3. d4 exd4 4. Nxd4 Bc5 5. Be3 Qf6 6. Nc3 Bxd4 7. Bxd4 Qxd4
8. Qxd4 Nxd4 9. Rc1 Nf6 10. g3 d6 11. Bg2 Be6 12. Rd1 Nxc2+ 13. Ke2 O-O 14. a3
Bc4+ 15. Kd2 Nd4 16. Ke1 c5 17. b4 Rfe8 18. f3 Nd5 19. Rc1 b5 20. Kf2 Nxc3 21.
Rxc3 a5 22. bxc5 dxc5 23. a4 Bb3 24. axb5 c4 25. Bf1 Nxb5 26. Re3 a4 27. Bxc4
Bxc4 28. Ra1 a3 29. h4 a2 30. f4 Ra3 31. Ree1 h5 32. e5 Be6 33. Rg1 Rc8 34.
Rgd1 Rc2+ 35. Ke1 Rxg3 36. Rd2 Rg1+ 37. Ke2 Rg2+ 38. Kd1 Rcxd2+ 0-1

[Event "World Senior Team ch 1st"]
[Site "Port Erin IOM"]
[Date "2004.10.12"]
[Round "8.3"]
[White "Milner, Edward"]
[Black "Richardson, Keith"]
[Result "0-1"]
[WhiteElo "1416"]
[BlackElo "2220"]
[PlyCount "76"]
[EventDate "2004.10.05"]
[EventType "team-swiss"]
[EventRounds "8"]
[EventCountry "ENG"]
[SourceDate "2014.04.29"]
[WhiteTeam "Chessmann"]
[BlackTeam "England"]
[WhiteTeamCountry "IOM"]
[BlackTeamCountry "ENG"]

1. d4 g6 2. c4 Bg7 3. e4 d6 4. Nc3 Nd7 5. f4 e5 6. fxe5 dxe5 7. d5 Ngf6 8. Bg5
h6 9. Be3 O-O 10. Nf3 Qe7 11. Qd2 Nc5 12. Bd3 Ng4 13. h3 Nxe3 14. Qxe3 f5 15.
O-O f4 16. Qe2 Nxd3 17. Qxd3 g5 18. Nh2 Rf6 19. b3 Bf8 20. Qf3 Qg7 21. g4 Bd7
22. Rad1 Be8 23. Kg2 Bg6 24. Rf2 Qh7 25. Re2 Re8 26. Rh1 Ra6 27. Nf1 Bb4 28. h4
Bxc3 29. hxg5 Rxa2 30. Rxh6 Bxe4 31. Rxh7 Rxe2+ 32. Kh3 Bxf3 33. Rxc7 Bg2+ 34.
Kh4 Bxf1 35. Kh5 Rh2+ 36. Kg6 Bd3+ 37. Kf6 e4+ 38. Kg6 e3# 0-1

[Event "World Senior Team ch 1st"]
[Site "Port Erin IOM"]
[Date "2004.10.12"]
[Round "8.3"]
[White "Rety, John"]
[Black "Klundt, Klaus"]
[Result "0-1"]
[WhiteElo "2001"]
[BlackElo "2358"]
[PlyCount "76"]
[EventDate "2004.10.05"]
[EventType "team-swiss"]
[EventRounds "8"]
[EventCountry "ENG"]
[SourceDate "2014.04.29"]
[WhiteTeam "Britain 3"]
[BlackTeam "Germany"]
[WhiteTeamCountry "GBR"]
[BlackTeamCountry "GER"]

1. c4 Nf6 2. Nc3 g6 3. g3 Bg7 4. Bg2 O-O 5. Nf3 d6 6. O-O Nc6 7. b3 e5 8. Bb2
Re8 9. d3 Nd4 10. Qd2 Nxf3+ 11. Bxf3 c6 12. Bg2 Be6 13. e4 d5 14. Qc2 dxc4 15.
dxc4 Qc7 16. Rad1 Bg4 17. f3 Be6 18. Bc1 b5 19. cxb5 cxb5 20. Qb2 Qc5+ 21. Kh1
Rac8 22. Rd3 b4 23. Na4 Qc2 24. Rd2 Qc7 25. Rdd1 Bd7 26. Be3 Qa5 27. Bd2 Bb5
28. Rfe1 Bf8 29. Bg5 Qa6 30. f4 Bg7 31. Rc1 h6 32. Rxc8 Qxc8 33. fxe5 Ng4 34.
Bf6 Nxe5 35. Bxg7 Kxg7 36. Qd2 Bxa4 37. bxa4 Qc3 38. Qd5 Qxe1+ 0-1

[Event "World Senior Team ch 1st"]
[Site "Port Erin IOM"]
[Date "2004.10.12"]
[Round "8.3"]
[White "Smith, Ivor BN"]
[Black "Gardi, Giuseppe"]
[Result "1/2-1/2"]
[WhiteElo "1928"]
[BlackElo "2081"]
[PlyCount "99"]
[EventDate "2004.10.05"]
[EventType "team-swiss"]
[EventRounds "8"]
[EventCountry "ENG"]
[SourceDate "2014.04.29"]
[WhiteTeam "Essex"]
[BlackTeam "Italy"]
[WhiteTeamCountry "ENG"]
[BlackTeamCountry "ITA"]

1. e4 g6 2. d4 Bg7 3. Nc3 c6 4. Nf3 d5 5. Be2 Bg4 6. Be3 Nh6 7. exd5 cxd5 8. h3
Bxf3 9. Bxf3 e6 10. g4 Qb6 11. Qd2 Ng8 12. Na4 Qb5 13. Nc5 Nd7 14. a4 Qxb2 15.
Nb3 Rc8 16. Rc1 Qc3 17. Qxc3 Rxc3 18. Kd2 Rc4 19. a5 Ngf6 20. Kd3 O-O 21. Nd2
Ra4 22. g5 Ne8 23. Ra1 Rxa1 24. Rxa1 Nd6 25. Rb1 b6 26. axb6 Nxb6 27. Ra1 Ra8
28. Ra6 Kf8 29. Bf4 Ndc4 30. Nxc4 Nxc4 31. c3 Ke8 32. Bd1 Nb2+ 33. Kd2 Nxd1 34.
Kxd1 Bf8 35. Bc7 Be7 36. h4 Bd8 37. Bd6 Bb6 38. Kd2 Kd7 39. Bc5 Bxc5 40. dxc5
Kc7 41. c6 e5 42. c4 d4 43. f3 Rf8 44. Rxa7+ Kxc6 45. Kd3 Kc5 46. Ra5+ Kd6 47.
Ra6+ Ke7 48. Ra7+ Ke6 49. Ra6+ Ke7 50. Ra7+ 1/2-1/2

[Event "World Senior Team ch 1st"]
[Site "Port Erin IOM"]
[Date "2004.10.12"]
[Round "8.4"]
[White "Benson, Lachlan"]
[Black "David, Vidya"]
[Result "1-0"]
[WhiteElo "1955"]
[BlackElo "800"]
[PlyCount "59"]
[EventDate "2004.10.05"]
[EventType "team-swiss"]
[EventRounds "8"]
[EventCountry "ENG"]
[SourceDate "2014.04.29"]
[WhiteTeam "Australia"]
[BlackTeam "Black and White Magazine"]
[WhiteTeamCountry "AUS"]
[BlackTeamCountry "IND"]

1. e4 d6 2. d4 e5 3. Bc4 Nc6 4. dxe5 dxe5 5. Qxd8+ Kxd8 6. Bxf7 Bd7 7. Nf3 Bg4
8. Nbd2 Nf6 9. O-O Bb4 10. c3 Bc5 11. b4 Bb6 12. b5 Rf8 13. bxc6 Rxf7 14. cxb7
Rb8 15. Nxe5 Ke7 16. Nc6+ Kd6 17. Nxb8 Rf8 18. Ba3+ c5 19. Nc4+ Kc7 20. f3 Be6
21. Nxb6 axb6 22. Rfd1 Bc4 23. Rd2 Kxb7 24. Rb1 Re8 25. Bxc5 Rc8 26. Bxb6 Kxb8
27. Bd4+ Ka8 28. Rdb2 g5 29. Rb7 h5 30. Ra7# 1-0